Business periodicals collection

Wedi'i Gadw mewn:
Manylion Llyfryddiaeth
Fformat: Llyfr
Iaith:Undetermined
Cyhoeddwyd: Ipswich, MA. Ebsco 2004
Pynciau:
Tagiau: Ychwanegu Tag
Dim Tagiau, Byddwch y cyntaf i dagio'r cofnod hwn!
Thư viện lưu trữ: Trung tâm Học liệu Trường Đại học Cần Thơ
LEADER 00405nam a2200157Ia 4500
001 CTU_103457
008 210402s9999 xx 000 0 und d
082 |a 338 
082 |b B979/Dis.4 
245 0 |a Business periodicals collection 
260 |a Ipswich, MA. 
260 |b Ebsco 
260 |c 2004 
650 |a Economics 
904 |i Truc,Qhieu 
980 |a Trung tâm Học liệu Trường Đại học Cần Thơ